00353nam a22000977a 4500082001200000100001700012245012600029260004100155650002400196700003500220 a200 THE aFAHAD SALEEM aTH-SOF-1552-IMPACT OF ACQUISITION ON EMPLOYEES ORGANIZATIONAL COMMITMENT, TURNOVER INTENTIONS AND INTERPERSONAL CONFLICTS aISLAMABADbNUST COLLEGE OF EMEc2018 aMS-EM-9 MSTHESIS aADVISOR DR FAHEEM QAISAR JAMAL